| 000 | 00681nam a22001337a 4500 | ||
|---|---|---|---|
| 040 | _cRUA | ||
| 082 | _aAGR KOR 2013 B056 Or.1 | ||
| 100 | _aKORM RITHEARA | ||
| 245 | _aAdaptability of cultivated mungbean and wid related species (Vigna sp. ) in rainfed lowland condition, (ភាពបន្សំាទៅនឹងលក្ខខណ្ឌស្រែទំនាបពឹងផ្អែករបបទឹកភ្លៀង នៃសណ្ដែក និងសណ្ដែកខ្មោច) | ||
| 260 |
_aphnom penh _bRUA _c2013 |
||
| 300 |
_ax, 52p. _bill. _c29cm. |
||
| 856 | _uhttps://drive.google.com/file/d/1mPRbg1y-sm5pb6OFBTqoZsLsjFEfiPHS/view?usp=sharing | ||
| 942 | _cAGR | ||
| 999 |
_c1299 _d1299 |
||